Hidden Animals - Statistics

General Stats
  • This quiz has been taken 38 times
  • The average score is 13 of 15
Answer Stats
Hint Answer % Correct
There's no talc at all in the bathroom Cat
96%
Much ado goes down well on Monday's Dog
96%
That gizmo uses too much electricity Mouse
96%
Can you grab bit's of food for me? Rabbit
92%
It can ooze brassy liquid if squeezed Zebra
88%
No, I can't elope on a weekday Antelope
83%
Yes, crab ear's are virtually invisible Bear
83%
Don't scowl it's very ageing Cow
83%
Can you grade eric's homework? Deer
83%
I wonder which Amsterdam airport is best? Hamster
79%
Which is worse, a witch or sea monster? Horse
79%
I have a problem urn that keeps breaking Lemur
79%
Note to cleaner - gone to London key's left in hallway Donkey
75%
My expensive trousers became loose Camel
71%
I wonder if Oxford is a good place to live Fox
71%
No matching quizzes found
Score Distribution
Percent of People with Each Score
Percentile by Number Answered
Your Score History
You have not taken this quiz